Podstawowe aminokwasy kodowane - Statystyki

Ogólne statystyki
  • Ten quiz został rozwiązany 96 razy
  • Średni wynik to 15 z 20
Statystyki odpowiedzi
Hint Odpowiedź % Poprawnych
Ala Alanina
100%
Cys Cysteina
89%
Leu Leucyna
80%
Ser Seryna
80%
Val Walina
80%
Arg Arginina
77%
Gly Glicyna
77%
Gln Glutamina
77%
His Histydyna
77%
Met Metionina
77%
Asn Asparagina
74%
Phe Fenyloalanina
74%
Ile Izoleucyna
74%
Asp Kwas asparaginowy
74%
Glu Kwas glutaminowy
71%
Lys Lizyna
71%
Pro Prolina
71%
Trp Tryptofan
71%
Tyr Tyrozyna
71%
Thr Treonina
60%
Nie znaleziono quizów pasujących do podanych kryteriów
Rozkład punktacji
Procent ludzi z każdym wynikiem
Percentyl według liczby udzielonych odpowiedzi
Twoja historia wyników
Nie rozwiązałeś tego quizu